00903nam a22002534a 4500003000900000008004100009020001800050040002500068041001800093080001200111100001800123245001200141250002200153264003300175300004000208336001000248337002000258338001400278500006900292520020500361521001500566650003300581700003500614AR-BaSMT240619t2008 uka|||cr|||| 000 1 eng d a9780746096123 aBSGBbespañolerda aenghinglés a82=111 1 aMason, Conrad1 aMacbeth aprimera edición1 aLondres : bUsborne, c2008. a64 páginasbilustraciones a color aTexto aSin mediación aVolúmen aRetold by Conrad Mason. Based on the play by William Shakespeare aMacbeth is the bravest general in Scotland, and a loyal servant of King Duncan. But then he heart that one day, he coult be king himself. Mad with ambition, Macbeth sets out on a bloody path to power. aSecundaria 7aLITERATURAvTeatroxInglés1 aUnzner, Christa, eIlustradora